[Event "ICS rated standard match"]
[Site "204.178.125.65"]
[Date "2000.05.31"]
[Round "?"]
[White "PostModernist"]
[Black "Hossa"]
[Result "1-0"]
[WhiteElo "2403"]
[BlackElo "2328"]
[PlyCount "156"]
[EventDate "2000.??.??"]

1. e4 c5 2. c3 Nf6 3. e5 Nd5 4. d4 cxd4 5. Nf3 Nc6 6. Bc4 Nb6 7. Bb3 dxc3 8.
Nxc3 d6 9. exd6 exd6 10. Ng5 Ne5 11. f4 h6 12. fxe5 hxg5 13. O-O d5 14. Nxd5
Be6 15. Ba4+ Nxa4 16. Qxa4+ Bd7 17. Qb3 Bc6 18. Rd1 Bc5+ 19. Kh1 Qb8 20. Qc3
Bxd5 21. Rxd5 Be7 22. Qg3 Rh5 23. Qf3 Rh4 24. Be3 g4 25. Qg3 Qc8 26. Bc5 Qe6
27. Rad1 Rc8 28. Bxa7 b6 29. Rd6 Qxa2 30. Bxb6 g5 31. R6d2 Qc4 32. Bf2 Qe4 33.
Kg1 Rh6 34. Rd4 Qe2 35. Qxg4 Qxg4 36. Rxg4 Re6 37. Re4 Kf8 38. h3 Re8 39. Bd4
Rd8 40. Kh2 Ke8 41. Rf1 Rc6 42. Bc3 Rd3 43. Ra4 Rd8 44. Rf5 Rb8 45. g3 Rh6 46.
Kg2 Rc8 47. Ra7 Rd8 48. Rc7 Rb8 49. Rf2 Rg6 50. Rd2 Ra6 51. Kf3 Bd8 52. Rc4 Rh6
53. Kg2 Be7 54. Rd5 Rd8 55. Rxd8+ Kxd8 56. Ra4 Kd7 57. Ra7+ Ke8 58. Ra8+ Kd7
59. Ra4 Ke8 60. Bd4 Rc6 61. Kf3 Kd7 62. Kg4 Rg6 63. Ra7+ Ke8 64. Be3 Rg7 65. e6
fxe6 66. Bc5 Bf6 67. Rxg7 Bxg7 68. b4 Bf6 69. Be3 Kd7 70. Bxg5 Bc3 71. b5 Bd4
72. Kf3 Kc7 73. Be3 Bf6 74. h4 e5 75. h5 Kb7 76. h6 Kc8 77. g4 Be7 78. g5 Kd7 {
Hossa resigns} 1-0

[Event "ICS rated standard match"]
[Site "204.178.125.65"]
[Date "2000.05.31"]
[Round "?"]
[White "Hossa"]
[Black "Amateur"]
[Result "0-1"]
[WhiteElo "2315"]
[BlackElo "2297"]
[PlyCount "119"]
[EventDate "2000.??.??"]

1. e4 e6 2. d4 d5 3. exd5 exd5 4. Nf3 Bg4 5. Bb5+ c6 6. Be2 Nf6 7. O-O Bd6 8.
Nh4 Be6 9. Bd3 Qc7 10. Nf5 Bxf5 11. Bxf5 O-O 12. g3 Nbd7 13. Be3 Qb6 14. b3 Qa5
15. Bd3 Rae8 16. c3 Ne4 17. b4 Qc7 18. Qc2 Ndf6 19. Nd2 Re7 20. Nxe4 Nxe4 21.
Bc1 h6 22. a4 Rfe8 23. a5 Qc8 24. a6 b6 25. f3 Nf6 26. Bb2 Qd7 27. Rab1 Qh3 28.
b5 c5 29. Ba3 Qh5 30. Rbd1 Re3 31. Qg2 c4 32. Bxd6 cxd3 33. g4 Qg6 34. Be5 Re2
35. Qg3 d2 36. Bxf6 Qxf6 37. Rf2 R2e3 38. Rdxd2 Rxc3 39. Rd1 Rb3 40. Qc7 Rxf3
41. Qd7 Re4 42. Qxd5 Rxg4+ 43. Rg2 Qf4 44. Rxg4 Qxg4+ 45. Kh1 Rf2 46. Qa8+ Kh7
47. Rg1 Qxd4 48. Qc6 Qb2 49. Rg2 Rxg2 50. Qxg2 Qxg2+ 51. Kxg2 Kg6 52. Kf3 Kf5
53. Ke2 Ke4 54. h3 f5 55. Kd2 f4 56. Kd1 Kf3 57. Kc2 Kg2 58. h4 f3 59. Kb3 f2
60. h5 {Hossa resigns} 0-1

[Event "ICS rated standard match"]
[Site "204.178.125.65"]
[Date "2000.05.31"]
[Round "?"]
[White "sofoklis"]
[Black "Hossa"]
[Result "0-1"]
[WhiteElo "2000"]
[BlackElo "2298"]
[PlyCount "35"]
[EventDate "2000.??.??"]

1. e4 c5 2. Nc3 Nc6 3. f4 e6 4. g3 d5 5. exd5 exd5 6. Bg2 Nf6 7. Nge2 d4 8. Ne4
Nxe4 9. Bxe4 Be7 10. d3 Bh3 11. c3 O-O 12. Bd2 Re8 13. Ng1 Be6 14. Qc2 Bd5 15.
O-O-O Bf8 16. Kb1 Rxe4 17. dxe4 d3 18. Qxd3 {sofoklis resigns} 0-1

[Event "ICS rated standard match"]
[Site "204.178.125.65"]
[Date "2000.05.31"]
[Round "?"]
[White "Hossa"]
[Black "gambitmaster"]
[Result "1/2-1/2"]
[WhiteElo "2299"]
[BlackElo "2325"]
[PlyCount "170"]
[EventDate "2000.??.??"]

1. e4 e5 2. Bc4 Nf6 3. d3 Bc5 4. Nf3 d6 5. Nc3 c6 6. O-O O-O 7. Be3 Bxe3 8.
fxe3 Qb6 9. Qc1 Nbd7 10. Ng5 Nc5 11. a3 h6 12. Nf3 Bg4 13. Nh4 d5 14. exd5 cxd5
15. Nxd5 Nxd5 16. Bxd5 Rac8 17. Bc4 Ne6 18. Rf2 Rfd8 19. b3 Ng5 20. Qe1 Rd7 21.
e4 Qd4 22. a4 Rdc7 23. c3 Qc5 24. Qf1 Kh8 25. b4 Qd6 26. Bxf7 Rxc3 27. Bd5 Kh7
28. Bxb7 Rb8 29. Bd5 Rxb4 30. Rf8 Ne6 31. Re8 Rc2 32. Kh1 Qd7 33. Bxe6 Qxe8 34.
Bxg4 Rbb2 35. Qf5+ g6 36. Qe6 Qxe6 37. Bxe6 g5 38. Nf3 Kg7 39. Bh3 Kf6 40. d4
exd4 41. e5+ Kg7 42. Nxd4 Rc4 43. Nf5+ Kh7 44. Nd6 Rc6 45. Bf5+ Kg7 46. Rf1 Kh8
47. Bd3 Rd2 48. Nf7+ Kg7 49. Nd8 Rc8 50. Ne6+ Kg8 51. Ba6 Rcc2 52. Rf8+ Kh7 53.
Bf1 a5 54. Rf7+ Kg6 55. Rf6+ Kh7 56. Kg1 Rd1 57. Rf7+ Kg6 58. Rf3 Rc4 59. Rf6+
Kh7 60. Rf7+ Kg6 61. Rd7 Rxd7 62. Bxc4 Kf5 63. Kf2 Rd2+ 64. Kg3 Kxe5 65. Nc5
Rc2 66. Nd7+ Kd4 67. Bb5 Rc3+ 68. Kg4 Rc2 69. Kh5 Rxg2 70. Kxh6 g4 71. Kg5 Rxh2
72. Kxg4 Rc2 73. Kf4 Rf2+ 74. Kg5 Rb2 75. Kf6 Kd5 76. Ke7 Rxb5 77. axb5 a4 78.
Kd8 a3 79. b6 a2 80. b7 a1=Q 81. b8=Q Qh8+ 82. Kc7 Qc3+ 83. Kd8 Qh8+ 84. Kc7
Qc3+ 85. Kd8 Qh8+ 1/2-1/2

[Event "ICS rated standard match"]
[Site "204.178.125.65"]
[Date "2000.05.31"]
[Round "?"]
[White "kom"]
[Black "Hossa"]
[Result "0-1"]
[WhiteElo "2153"]
[BlackElo "2300"]
[PlyCount "98"]
[EventDate "2000.??.??"]

1. e4 c5 2. Nf3 e6 3. g3 d5 4. Nc3 d4 5. Ne2 Nc6 6. d3 Nf6 7. Bg2 Bd6 8. O-O e5
9. h3 O-O 10. Kh2 Bd7 11. Nh4 Re8 12. Bg5 Ng4+ 13. hxg4 Qxg5 14. Nf5 Bf8 15.
Bh3 g6 16. f4 Qd8 17. Nh4 exf4 18. Nxf4 g5 19. Nd5 gxh4 20. Nf6+ Kh8 21. gxh4
Be6 22. Nxe8 Qxh4 23. Qf3 Rxe8 24. Qf6+ Qxf6 25. Rxf6 Bd6+ 26. Kg2 Rg8 27. Rh1
Ne5 28. Kf2 Nxg4+ 29. Bxg4 Rxg4 30. Rfh6 Rg7 31. c3 Bf4 32. R6h5 Be3+ 33. Ke1
dxc3 34. bxc3 Bxa2 35. Ke2 Bg5 36. Ra1 Be6 37. Rxg5 Rxg5 38. Rxa7 Bc8 39. Ra8
Rg8 40. Ke3 Bd7 41. Ra1 Rg3+ 42. Kd2 Bb5 43. c4 Bc6 44. Ra5 Rg5 45. Ke3 h5 46.
Kf4 f6 47. Ra2 Rg4+ 48. Kf5 Kg7 49. Rh2 Bd7# {kom checkmated} 0-1

[Event "ICS rated standard match"]
[Site "204.178.125.65"]
[Date "2000.05.31"]
[Round "?"]
[White "TerraPi"]
[Black "Hossa"]
[Result "0-1"]
[WhiteElo "2325"]
[BlackElo "2310"]
[PlyCount "192"]
[EventDate "2000.??.??"]

1. Nf3 Nf6 2. c4 g6 3. g3 Bg7 4. Bg2 O-O 5. O-O c5 6. Nc3 Nc6 7. b3 Ne4 8. Bb2
Nxc3 9. Bxc3 Bxc3 10. dxc3 d6 11. Qd2 Bg4 12. Qg5 Bxf3 13. Bxf3 Qc7 14. Rad1
Ne5 15. Bg2 e6 16. e4 f5 17. f3 Rab8 18. Qh4 fxe4 19. fxe4 Rbe8 20. Rf6 Qd8 21.
Rxf8+ Rxf8 22. Qxd8 Rxd8 23. Bh3 Kf7 24. Kh1 g5 25. Rf1+ Ke7 26. Rf2 h5 27. Bg2
Rh8 28. Re2 h4 29. gxh4 Rxh4 30. a4 Nd3 31. Re3 Nf4 32. Bf1 Kf6 33. Kg1 Ke5 34.
Rg3 Rh5 35. Re3 b6 36. b4 Rh6 37. b5 Rh7 38. Re1 Rh8 39. Re3 Rg8 40. Kh1 g4 41.
Kg1 Rh8 42. Rg3 Rh4 43. Re3 Nh3+ 44. Kg2 Kf4 45. Rd3 Ng5 46. Be2 Nxe4 47. Bf1
Rh5 48. Kg1 d5 49. cxd5 Rxd5 50. c4 Rd4 51. Ra3 Nd2 52. Ra1 Nxc4 53. h3 Ne3 54.
hxg4 Kxg4 55. Be2+ Kf5 56. Kf2 Nc2 57. Rd1 Rf4+ 58. Kg3 Nd4 59. Bd3+ Kg5 60.
Kh2 Rf2+ 61. Kg1 Ra2 62. Rc1 Rxa4 63. Kf2 Rb4 64. Ke3 Nxb5 65. Rg1+ Kf6 66.
Rg6+ Kf7 67. Rh6 a5 68. Rh7+ Kg8 69. Rb7 Nd4 70. Ra7 Kf8 71. Ra8+ Ke7 72. Ra7+
Kf6 73. Ra8 Rb2 74. Ra7 Ke5 75. Bf1 Nf5+ 76. Kf3 Rb3+ 77. Kf2 Nd4 78. Ke1 Rb2
79. Bd3 Nf3+ 80. Kf1 c4 81. Bg6 Nd4 82. Rc7 b5 83. Ke1 a4 84. Ra7 c3 85. Ra8
Re2+ 86. Kf1 c2 87. Bxc2 Rxc2 88. Ke1 Ra2 89. Kf1 b4 90. Ra5+ Ke4 91. Ra6 Kf3
92. Ke1 Ke3 93. Rxe6+ Nxe6 94. Kd1 a3 95. Kc1 Ra1+ 96. Kc2 Nd4# {
TerraPi checkmated} 0-1

[Event "ICS rated standard match"]
[Site "204.178.125.65"]
[Date "2000.05.31"]
[Round "?"]
[White "Hossa"]
[Black "TerraPi"]
[Result "1-0"]
[WhiteElo "2327"]
[BlackElo "2308"]
[PlyCount "143"]
[EventDate "2000.??.??"]

1. e4 g6 2. d4 Bg7 3. Nc3 d6 4. Be2 Nc6 5. Nf3 f5 6. d5 Bxc3+ 7. bxc3 fxe4 8.
Ng5 Ne5 9. Nxe4 c6 10. c4 Nf6 11. Nxf6+ exf6 12. O-O Bf5 13. Ba3 cxd5 14. Qxd5
Qd7 15. Bxd6 Nf7 16. c5 O-O-O 17. Rab1 Be6 18. Rxb7 Nxd6 19. Rxd7 Bxd5 20. Rxd6
Rxd6 21. cxd6 Kd7 22. Rd1 Kc6 23. a4 Kc5 24. Bb5 Rd8 25. d7 Bc6 26. c4 Bxb5 27.
cxb5 Kb4 28. Rd4+ Kc5 29. Rd2 Kb4 30. Rd5 Kxa4 31. b6 axb6 32. h4 b5 33. Kf1 b4
34. Ke1 b3 35. Kd2 Kb4 36. Kd3 h6 37. Kd2 g5 38. h5 Kc4 39. Rd6 f5 40. Kc1 Kc5
41. Rxh6 Rxd7 42. Rf6 b2+ 43. Kxb2 Rd2+ 44. Kc1 Rxf2 45. g4 f4 46. Rf5+ Kd4 47.
Kd1 f3 48. Ke1 Rg2 49. Rxf3 Rxg4 50. Rh3 Re4+ 51. Kf2 Rf4+ 52. Kg3 Ke5 53. h6
Rf8 54. Kg4 Rh8 55. Kxg5 Rg8+ 56. Kh5 Kf5 57. Rf3+ Ke4 58. h7 Rh8 59. Rf7 Re8
60. Rg7 Kf3 61. Rg8 Re1 62. Rf8+ Kg3 63. Kg6 Rh1 64. Kg7 Rxh7+ 65. Kxh7 Kg4 66.
Kg6 Kh4 67. Kf5 Kg3 68. Kg5 Kg2 69. Kg4 Kh2 70. Kf3 Kg1 71. Kg3 Kh1 72. Rf1# {
TerraPi checkmated} 1-0

[Event "ICS rated blitz match"]
[Site "204.178.125.65"]
[Date "2000.05.31"]
[Round "?"]
[White "Santalban"]
[Black "Hossa"]
[Result "0-1"]
[WhiteElo "2287"]
[BlackElo "2393"]
[PlyCount "28"]
[EventDate "2000.??.??"]

1. Nf3 Nf6 2. c4 g6 3. b3 Bg7 4. Bb2 O-O 5. g3 d6 6. d4 e5 7. dxe5 Nfd7 8. Qc2
Nxe5 9. Nxe5 dxe5 10. Bg2 Nc6 11. e3 Nb4 12. Qe2 Nd3+ 13. Kf1 Nxb2 14. Qxb2
Qd1# 0-1

[Event "ICS Rated blitz match"]
[Site "204.178.125.65"]
[Date "2000.05.31"]
[Round "?"]
[White "Hossa"]
[Black "Santalban"]
[Result "1-0"]
[WhiteElo "2396"]
[BlackElo "2239"]
[PlyCount "119"]
[EventDate "2000.??.??"]

1. e4 c5 2. Nf3 d6 3. d4 cxd4 4. Nxd4 Nf6 5. Nc3 a6 6. Be3 Ng4 7. Bg5 h6 8. Bh4
g5 9. Bg3 Bg7 10. Nd5 Nc6 11. c3 Nxd4 12. cxd4 Be6 13. Bc4 Rc8 14. Be2 Bxd5 15.
Bxg4 Qa5+ 16. Kf1 Be6 17. Bxe6 fxe6 18. e5 O-O 19. Qb3 Qd5 20. Qxd5 exd5 21.
exd6 exd6 22. Bxd6 Rf5 23. Bc5 b6 24. Bxb6 Rc2 25. f3 g4 26. b4 gxf3 27. gxf3
Rxf3+ 28. Ke1 Rff2 29. h4 h5 30. Rg1 Kh7 31. b5 axb5 32. a4 b4 33. Rb1 Bf6 34.
Rh1 Rg2 35. Kf1 Rcf2+ 36. Ke1 Ra2 37. Kf1 Rgf2+ 38. Ke1 Rfc2 39. a5 b3 40. Kd1
Rg2 41. Bc7 b2 42. Rh2 Rxh2 43. Bxh2 Bxd4 44. Bc7 Ra3 45. Bd8 Kg6 46. Kc2 Rc3+
47. Kd1 Rf3 48. Kc2 Kf5 49. Bb6 Bf6 50. a6 Ra3 51. a7 Ra1 52. Rg1 Ke4 53. Rb1
d4 54. Kxb2 d3+ 55. Kc1 Ra6 56. Rb4+ Kf3 57. Kd2 Ra3 58. Rc4 Be5 59. Bc5 Bf4+
60. Rxf4+ {Santalban resigns} 1-0

[Event "ICS rated blitz match"]
[Site "204.178.125.65"]
[Date "2000.05.31"]
[Round "?"]
[White "Santalban"]
[Black "Hossa"]
[Result "1-0"]
[WhiteElo "2205"]
[BlackElo "2399"]
[PlyCount "171"]
[EventDate "2000.??.??"]

1. Nf3 Nf6 2. c4 g6 3. b3 Bg7 4. Bb2 O-O 5. g3 d6 6. d4 e5 7. dxe5 Nfd7 8. Qc1
Nxe5 9. Nxe5 Bxe5 10. Bxe5 dxe5 11. Bg2 Nc6 12. O-O Nd4 13. Qb2 Bg4 14. Nc3 Qb8
15. h3 Bf5 16. e3 Nc6 17. Rad1 Nb4 18. Kh2 Bd3 19. Rfe1 Qc8 20. a3 Nc2 21. Rg1
Qf5 22. e4 Qe6 23. Rxd3 Nd4 24. Ne2 c5 25. Nxd4 cxd4 26. Rc1 Rad8 27. c5 f5 28.
Rd2 f4 29. Rd3 fxg3+ 30. fxg3 Qc6 31. Qc2 Kh8 32. Rf3 Rxf3 33. Bxf3 Kg7 34. Qd3
Rf8 35. Kg2 h6 36. Rc2 a5 37. a4 Qc7 38. Qc4 Qe7 39. Qd3 Qc7 40. h4 Kh7 41. h5
gxh5 42. Bxh5 Kh8 43. Bg4 Qc6 44. Kh2 Kg7 45. Bf5 Qc7 46. Qf3 Rf6 47. Kg2 Rc6
48. Qg4+ Kh8 49. Qh5 b6 50. Qe8+ Kg7 51. g4 Rxc5 52. Qg6+ Kf8 53. Qxh6+ Qg7 54.
Qxg7+ Kxg7 55. Rxc5 bxc5 56. Be6 Kf6 57. Bc4 Kg5 58. Kg3 Kg6 59. Kh4 Kh6 60.
g5+ Kh7 61. Kg4 Kg6 62. Bd3 Kg7 63. Kf5 Kf7 64. Kxe5 Kg6 65. Kf4 Kg7 66. Kf5
Kf7 67. e5 Kf8 68. g6 Ke7 69. e6 c4 70. Bxc4 d3 71. Bxd3 Kd6 72. g7 Ke7 73.
g8=Q Kd6 74. Qf8+ Kd5 75. Bc4+ Kd4 76. Qd6+ Kc3 77. Qd3+ Kb4 78. Qd2+ Kc5 79.
Qxa5+ Kc6 80. Qb5+ Kd6 81. Qd5+ Kc7 82. Qc5+ Kb7 83. Bd5+ Kb8 84. Qb6+ Kc8 85.
Qc6+ Kb8 86. Qb7# {Hossa checkmated} 1-0

[Event "ICS rated blitz match"]
[Site "204.178.125.65"]
[Date "2000.05.31"]
[Round "?"]
[White "Hossa"]
[Black "Santalban"]
[Result "0-1"]
[WhiteElo "2391"]
[BlackElo "2201"]
[PlyCount "134"]
[EventDate "2000.??.??"]

1. e4 c5 2. Nf3 d6 3. d4 cxd4 4. Nxd4 Nf6 5. Nc3 a6 6. Be3 Ng4 7. Bg5 h6 8. Bh4
g5 9. Bg3 Bg7 10. Nd5 Nc6 11. c3 Nxd4 12. cxd4 Be6 13. Bc4 Rc8 14. Be2 Bxd5 15.
Bxg4 Qa5+ 16. Kf1 Be6 17. Bxe6 fxe6 18. e5 O-O 19. Qb3 Qd5 20. Qxd5 exd5 21.
exd6 exd6 22. Bxd6 Rf5 23. Bc5 b6 24. Bxb6 Rc2 25. f3 g4 26. b4 gxf3 27. gxf3
Rxf3+ 28. Ke1 Rff2 29. h4 h5 30. Rg1 Kh7 31. b5 axb5 32. a4 b4 33. Rb1 Rce2+
34. Kd1 Ra2 35. Ke1 Rh2 36. Bc5 b3 37. Kd1 Rhd2+ 38. Ke1 Re2+ 39. Kf1 Rh2 40.
Rg3 b2 41. Kg1 Rc2 42. Rf1 Ra1 43. Rb3 Rxf1+ 44. Kxf1 Rc1+ 45. Ke2 b1=Q 46.
Rxb1 Rxb1 47. a5 Ra1 48. Bb6 Kg6 49. Kd2 Kf5 50. Kc3 Bf8 51. Kb2 Ra3 52. Bd8
Ke4 53. Bb6 Be7 54. Kc1 Kd3 55. Kb2 Kc4 56. Bc7 Bb4 57. Bd8 Rf3 58. Kc2 Rf2+
59. Kd1 Kd3 60. Kc1 Bc3 61. Kb1 Rf1+ 62. Ka2 Ra1+ 63. Kb3 Rb1+ 64. Ka4 Kc4 65.
Be7 Ra1+ 66. Ba3 Bb4 67. a6 Rxa3# {Hossa checkmated} 0-1

[Event "ICS rated standard match"]
[Site "204.178.125.65"]
[Date "2000.05.31"]
[Round "?"]
[White "harimau"]
[Black "Hossa"]
[Result "1-0"]
[WhiteElo "2669"]
[BlackElo "2342"]
[PlyCount "115"]
[EventDate "2000.??.??"]

1. e4 c5 2. Nc3 Nc6 3. g3 e5 4. Bg2 Nf6 5. d3 d6 6. f4 Be7 7. Nf3 O-O 8. O-O
Bg4 9. h3 Be6 10. f5 Bd7 11. a4 Qb6 12. Kh2 Nd4 13. b3 a6 14. Nb1 Qa7 15. Nfd2
Rad8 16. Nc4 b6 17. c3 Nc6 18. Ne3 Na5 19. Rf2 Bc6 20. b4 Nb7 21. Nc4 Rc8 22.
Be3 d5 23. Nxe5 dxe4 24. Nxc6 Rxc6 25. dxe4 Rd6 26. Qe2 Rdd8 27. e5 Nd7 28. f6
Rfe8 29. fxe7 Rxe7 30. Bg5 Rxe5 31. Qd2 Nf6 32. Qc1 Re6 33. Bxf6 gxf6 34. Qh6
f5 35. Qh4 Rd7 36. Rxf5 cxb4 37. Rh5 bxc3 38. Qg4+ Kh8 39. Qf5 h6 40. Rxh6+
Rxh6 41. Qxd7 c2 42. Na3 b5 43. Nxc2 Qc5 44. Qxb7 Kg7 45. Rf1 Rxh3+ 46. Bxh3
Qxc2+ 47. Kh1 Qb3 48. Qc6 bxa4 49. Qf6+ Kg8 50. Rc1 Qb7+ 51. Kh2 a3 52. Qg5+
Kf8 53. Qh6+ Kg8 54. Rc5 Qb2+ 55. Bg2 f5 56. Rxf5 Qxg2+ 57. Kxg2 a5 58. Rf8# {
Hossa checkmated} 1-0

[Event "ICS rated blitz match"]
[Site "204.178.125.65"]
[Date "2000.05.31"]
[Round "?"]
[White "GARRI1"]
[Black "Hossa"]
[Result "0-1"]
[WhiteElo "2300"]
[BlackElo "2373"]
[PlyCount "72"]
[EventDate "2000.??.??"]

1. d4 Nf6 2. Nf3 g6 3. c4 Bg7 4. Nc3 O-O 5. g3 d5 6. cxd5 Nxd5 7. Bg2 c5 8. O-O
cxd4 9. Nxd4 Nxc3 10. bxc3 Qc7 11. Qb3 Nc6 12. Nxc6 bxc6 13. Qc4 Be6 14. Qc5
Qb6 15. Be3 Qxc5 16. Bxc5 Rfc8 17. Bxe7 Bd5 18. e4 Bc4 19. Rfd1 Bxc3 20. Rac1
Be2 21. Rd7 Bg4 22. Rb7 Bd4 23. Bc5 Bxc5 24. Rxc5 Rab8 25. Rxb8 Rxb8 26. h3 Be6
27. Ra5 Rb1+ 28. Kh2 Rb7 29. e5 Rc7 30. Rc5 Bxa2 31. Rxc6 Rxc6 32. Bxc6 Bb3 33.
f4 a5 34. g4 a4 35. f5 a3 36. Be4 a2 {GARRI1 resigns} 0-1

[Event "ICS rated standard match"]
[Site "204.178.125.65"]
[Date "2000.05.31"]
[Round "?"]
[White "Hossa"]
[Black "PostModernist"]
[Result "0-1"]
[WhiteElo "2338"]
[BlackElo "2416"]
[PlyCount "96"]
[EventDate "2000.??.??"]

1. e4 c5 2. Nc3 Nc6 3. g3 g6 4. Bg2 Bg7 5. d3 d6 6. f4 e6 7. Nf3 Nge7 8. O-O
O-O 9. Bd2 Rb8 10. Re1 b5 11. e5 dxe5 12. fxe5 c4 13. Bg5 Qb6+ 14. Be3 Qc7 15.
d4 Nf5 16. Bf2 Rd8 17. g4 Nh6 18. Bh4 Rd7 19. Re4 Ba6 20. a3 Qc8 21. Bf6 Bxf6
22. exf6 Qf8 23. Qd2 Kh8 24. Qg5 Rdd8 25. Rd1 b4 26. axb4 Rxb4 27. Qc1 Rdb8 28.
Qa1 Bc8 29. Rb1 R8b6 30. Rc1 Qd8 31. g5 Nf5 32. Nd1 Nfxd4 33. Nxd4 Nxd4 34. Nf2
Ra6 35. Qb1 c3 36. b3 Ra5 37. h4 Bb7 38. Re3 Bxg2 39. Kxg2 Qa8+ 40. Kf1 Rf5 41.
Rh3 Ne2 42. Rd1 Rxf2+ 43. Ke1 Rf1+ 44. Kxf1 Rf4+ 45. Kxe2 Qg2+ 46. Kd3 Qxh3+
47. Ke2 Qg2+ 48. Kd3 Qf3# {Hossa checkmated} 0-1

[Event "ICS Rated standard match"]
[Site "204.178.125.65"]
[Date "2000.05.31"]
[Round "?"]
[White "JZInsomniac"]
[Black "Hossa"]
[Result "1/2-1/2"]
[WhiteElo "2554"]
[BlackElo "2326"]
[PlyCount "186"]
[EventDate "2000.??.??"]

1. d4 Nf6 2. c4 c5 3. d5 g6 4. Nf3 e6 5. Nc3 exd5 6. cxd5 Bg7 7. e4 O-O 8. Be2
Re8 9. Nd2 Bh6 10. Qc2 Qe7 11. Nc4 Bxc1 12. Rxc1 d6 13. f3 Na6 14. Nb5 Nb4 15.
Qd2 Nxa2 16. Ra1 Nb4 17. Ncxd6 Rd8 18. Nxc8 Rdxc8 19. d6 Qd8 20. Rxa7 Rxa7 21.
Nxa7 Ra8 22. Nb5 Ra1+ 23. Bd1 Qa5 24. Nc3 c4 25. O-O Nd3 26. Qe3 Nxb2 27. Qd4
Nxd1 28. Nxd1 Qa7 29. Qxa7 Rxa7 30. Ne3 b5 31. Rb1 Ra3 32. Nc2 Rb3 33. Rxb3
cxb3 34. Na3 b2 35. e5 Nd7 36. f4 b4 37. Nb1 f6 38. e6 Nc5 39. Kf2 Ne4+ 40. Ke3
Nxd6 41. Kd4 Nb5+ 42. Kd5 Kf8 43. Kc6 Nc3 44. Kd7 Nd5 45. h3 f5 46. Nd2 Nf6+
47. Kd8 Ng8 48. Kd7 h6 49. h4 Nf6+ 50. Kd8 Nd5 51. Nb1 h5 52. Kd7 Nf6+ 53. Kd8
Ng8 54. Kd7 b3 55. Kd8 Ne7 56. Nc3 Nc6+ 57. Kc7 b1=Q 58. Nxb1 Nb4 59. Kd7 Nd5
60. Nc3 Nf6+ 61. Kd8 b2 62. Nb1 Nd5 63. Nd2 Ne7 64. Kd7 Nd5 65. g3 Nf6+ 66. Kd8
Ng8 67. Nb1 Ne7 68. Nd2 Nd5 69. Kd7 Nf6+ 70. Kd8 Ne8 71. e7+ Kf7 72. Nb1 Nf6
73. Na3 Ne8 74. Kd7 Ng7 75. Nb1 Ne8 76. Nc3 Ng7 77. Kd8 Ne6+ 78. Kd7 Nc5+ 79.
Kc6 Ne4 80. Kd7 Nf6+ 81. Kd8 Ne8 82. Kd7 Ng7 83. Kd6 Ke8 84. Nb1 Kf7 85. Nd2
Ne8+ 86. Kd7 Nf6+ 87. Kd8 Ne8 88. Nb1 Ng7 89. Nd2 Ne6+ 90. Kd7 Nc5+ 91. Kc6 Ne4
92. Kd7 Nf6+ 93. Kd8 Ne8 1/2-1/2

[Event "ICS rated standard match"]
[Site "204.178.125.65"]
[Date "2000.06.01"]
[Round "?"]
[White "Hossa"]
[Black "harimau"]
[Result "0-1"]
[WhiteElo "2333"]
[BlackElo "2690"]
[PlyCount "116"]
[EventDate "2000.??.??"]

1. e4 e5 2. d3 d6 3. Nf3 h6 4. d4 exd4 5. Nxd4 Ne7 6. Bb5+ Nec6 7. O-O Be7 8.
Nc3 a6 9. Ba4 Bf6 10. Nd5 b5 11. Nxf6+ Qxf6 12. Nxc6 Nxc6 13. Bb3 O-O 14. Bd5
Bb7 15. a4 Rab8 16. axb5 axb5 17. Be3 Qxb2 18. Rb1 Qf6 19. Rxb5 Ba8 20. Rxb8
Rxb8 21. c4 Ne5 22. f4 Nd7 23. Qa4 Qd8 24. Ra1 Bxd5 25. cxd5 Qe8 26. Ba7 Ra8
27. Qd4 Qe7 28. g3 Rd8 29. Re1 Nf6 30. Qc4 c5 31. Bb6 Ra8 32. e5 Nd7 33. Bc7
Nxe5 34. fxe5 Qxc7 35. exd6 Qxd6 36. Kg2 Rd8 37. Rd1 Qe5 38. Kg1 Qe3+ 39. Kg2
Rd6 40. Kh3 Qf2 41. Qe4 g5 42. Ra1 Rg6 43. g4 h5 44. Ra8+ Kh7 45. gxh5 g4+ 46.
Qxg4 Rxg4 47. Kxg4 Qd4+ 48. Kh3 c4 49. Ra4 Qd3+ 50. Kh4 c3 51. Ra8 Qc4+ 52. Kh3
c2 53. Ra1 Qc3+ 54. Kg2 Qxa1 55. h6 c1=Q 56. Kf3 Qf6+ 57. Kg4 Qcg5+ 58. Kh3
Qfxh6# {Hossa checkmated} 0-1

[Event "ICS rated blitz match"]
[Site "204.178.125.65"]
[Date "2000.06.01"]
[Round "?"]
[White "Hossa"]
[Black "Beadle"]
[Result "0-1"]
[WhiteElo "2390"]
[BlackElo "2534"]
[PlyCount "124"]
[EventDate "2000.??.??"]

1. e4 e5 2. c4 Nf6 3. Nf3 Bc5 4. Nxe5 d6 5. Nd3 Nxe4 6. Nxc5 Nxc5 7. d4 Qe7+ 8.
Be2 Ne4 9. O-O O-O 10. Bd3 f5 11. f3 Nf6 12. Re1 Qf7 13. Nc3 Nc6 14. d5 Ne5 15.
Bg5 Bd7 16. Bf1 Qg6 17. Bd2 Rae8 18. Rc1 Kh8 19. Be3 b6 20. Ra1 Re7 21. Bd2
Rfe8 22. b3 f4 23. Rc1 c5 24. Qe2 Qh6 25. Qf2 Rf8 26. Kh1 a6 27. a4 Bf5 28. a5
bxa5 29. Ra1 Rfe8 30. Rec1 Rb7 31. Rxa5 Rb6 32. Na4 Rxb3 33. Rxa6 Nfd7 34. Re1
Kg8 35. Ba5 Re3 36. Nb2 Kh8 37. Ra1 Rb3 38. Bc7 Nf7 39. Ra8 Rg8 40. Nd1 Rb7 41.
R1a7 Rxa7 42. Rxa7 Re8 43. Nc3 Nde5 44. Qd2 Qh4 45. Kg1 Qg5 46. Qd1 h6 47. Nb5
Qg6 48. Qb3 Bd3 49. Bxd3 Nxf3+ 50. Kf2 Qh5 51. Be4 Qh4+ 52. Kxf3 Ng5+ 53. Ke2
Rxe4+ 54. Kd3 Re3+ 55. Kc2 Qf2+ 56. Kc1 Rxb3 57. Ra8+ Kh7 58. Rh8+ Kxh8 59. Ba5
Qb2+ 60. Kd1 Qb1+ 61. Ke2 Re3+ 62. Kf2 Ne4# {Hossa checkmated} 0-1

[Event "ICS rated standard match"]
[Site "204.178.125.65"]
[Date "2000.06.01"]
[Round "?"]
[White "MissSilicon"]
[Black "Hossa"]
[Result "1-0"]
[WhiteElo "2437"]
[BlackElo "2329"]
[PlyCount "133"]
[EventDate "2000.??.??"]

1. e4 e5 2. Nf3 Nf6 3. Nxe5 Qe7 4. Nf3 Nxe4 5. Be2 g6 6. O-O Bg7 7. Re1 d5 8.
d3 Nf6 9. b3 O-O 10. Ba3 c5 11. Nc3 Be6 12. d4 b6 13. Bb5 a6 14. Bd3 Nc6 15.
Na4 Nd7 16. Nxb6 Nxb6 17. Bxc5 Qb7 18. Bxf8 Rxf8 19. c3 a5 20. a4 Bh6 21. Ra2
Nc8 22. Rae2 Bg4 23. Rb2 Nd6 24. h3 Be6 25. Rbe2 Rb8 26. Qa1 Bg7 27. Ng5 Bd7
28. Bc2 Qc7 29. Qc1 Bc8 30. Qf4 Ba6 31. Re3 Qd8 32. Nf3 Qf8 33. Qh4 Bh6 34. Ng5
Rb7 35. Rf3 Bxg5 36. Qxg5 f5 37. Re6 Rf7 38. Bxf5 Nxf5 39. Rxc6 Be2 40. Rf4 Bd1
41. g4 Qe8 42. Rb6 Rg7 43. Qf6 h5 44. Qe5 Qxe5 45. dxe5 hxg4 46. hxg4 Nh4 47.
Rb8+ Kh7 48. e6 Nf3+ 49. Kg2 Ne5 50. g5 Nc6 51. Re8 Rg8 52. Rf7+ Kh8 53. Rxg8+
Kxg8 54. Rc7 Bxb3 55. Rxc6 Bxa4 56. Rc8+ Kg7 57. Kf3 Bb5 58. Kf4 Ba4 59. Ke5 d4
60. Rc7+ Kg8 61. cxd4 Bb3 62. d5 Ba4 63. d6 Be8 64. d7 Kf8 65. d8=Q a4 66. Qe7+
Kg8 67. Qxe8# {Hossa checkmated} 1-0

[Event "ICS rated standard match"]
[Site "204.178.125.65"]
[Date "2000.06.01"]
[Round "?"]
[White "Hossa"]
[Black "PostModernist"]
[Result "0-1"]
[WhiteElo "2318"]
[BlackElo "2407"]
[PlyCount "114"]
[EventDate "2000.??.??"]

1. e4 c5 2. Nc3 Nc6 3. g3 g6 4. Bg2 d6 5. f4 Bg7 6. d3 e6 7. Nf3 Nd4 8. Nxd4
cxd4 9. Ne2 Ne7 10. c3 dxc3 11. bxc3 Qc7 12. d4 Bd7 13. Rb1 Bc6 14. c4 O-O 15.
O-O b6 16. Ba3 Bb7 17. Qb3 Rfd8 18. Rfc1 Qd7 19. Qb5 Bc6 20. Qb4 Bb7 21. d5
exd5 22. cxd5 f5 23. Qd2 fxe4 24. Bxe4 Qa4 25. Bb4 a5 26. Rc7 axb4 27. Rxe7
Qxa2 28. Qxa2 Rxa2 29. Rxb7 Rxe2 30. Rxb4 Rc8 31. Kf1 Rxh2 32. Rb1 Bd4 33. Rd1
Bf2 34. f5 Bc5 35. Rc1 Ra8 36. fxg6 hxg6 37. Ke1 Raa2 38. Bf3 Bb4+ 39. Kf1
Rhf2+ 40. Kg1 Rxf3 41. Rc8+ Rf8 42. Rxf8+ Kxf8 43. Kf1 Bc5 44. Rb8+ Kg7 45.
Rb7+ Kf6 46. Rb8 Kf5 47. Ke1 Ke4 48. Rh8 Kd3 49. Kf1 Rf2+ 50. Ke1 Rf7 51. Rh4
g5 52. Rh1 Bb4+ 53. Kd1 Bd2 54. g4 Rc7 55. Rh3+ Be3 56. Rxe3+ Kxe3 57. Ke1 Rc1#
{Hossa checkmated} 0-1

[Event "ICS rated blitz match"]
[Site "204.178.125.65"]
[Date "2000.06.01"]
[Round "?"]
[White "MissSilicon"]
[Black "Hossa"]
[Result "0-1"]
[WhiteElo "2666"]
[BlackElo "2380"]
[PlyCount "130"]
[EventDate "2000.??.??"]

1. d4 Nf6 2. c4 c5 3. d5 g6 4. Nc3 Bg7 5. g3 d6 6. e4 O-O 7. Be2 e6 8. a3 exd5
9. cxd5 Qe7 10. f3 Ne8 11. Bd3 f5 12. Nge2 fxe4 13. fxe4 Nd7 14. Nf4 c4 15. Bc2
Ne5 16. O-O Bg4 17. Nfe2 Nf3+ 18. Kh1 Nd4 19. Rf4 Bf3+ 20. Rxf3 Nxf3 21. Be3
Nc7 22. Nf4 Bxc3 23. bxc3 Ne5 24. Rb1 b6 25. Bd4 g5 26. Ng2 Rae8 27. Ba4 Rd8
28. Bc2 Nf3 29. Ne3 Nxd4 30. Qxd4 Qf6 31. Qxc4 Qf3+ 32. Ng2 Rc8 33. Qd3 Ne8 34.
c4 Rc7 35. Re1 g4 36. Bb1 a6 37. a4 Rff7 38. a5 bxa5 39. Rg1 Qxd3 40. Bxd3 Rfe7
41. Ne3 Rc5 42. Nxg4 Kg7 43. Ne3 Kf8 44. Rb1 Rf7 45. Nf5 Rf6 46. Rb8 a4 47. Ra8
Ra5 48. Be2 Rxf5 49. exf5 a3 50. Bh5 a2 51. Rxe8+ Kg7 52. Re1 a1=Q 53. Rxa1
Rxa1+ 54. Kg2 Ra2+ 55. Kh3 Rf2 56. g4 Rf4 57. Kg3 Rxc4 58. g5 Rd4 59. f6+ Kf8
60. Bf3 a5 61. h4 a4 62. h5 a3 63. g6 hxg6 64. h6 Kg8 65. Be2 a2 {
MissSilicon resigns} 0-1